书目信息 |
| 题名: |
主题检索语言
|
|
| 作者: | 邱明斤 编著 | |
| 分册: | ||
| 出版信息: | 成都 四川大学出版社 1990.07 |
|
| 页数: | 450页 | |
| 开本: | 20cm | |
| 丛书名: | ||
| 单 册: | ||
| 中图分类: | G254.2 | |
| 科图分类: | ||
| 主题词: | 图书馆学 , 图书馆事业 | |
| 电子资源: | ||
| ISBN: | 7-5614-0312-7 | |
| 000 | 00569nam0 2200205 450 | |
| 001 | 0655166890 | |
| 005 | 20061028152228.57 | |
| 010 | @a7-5614-0312-7@dCNY2.52 | |
| 100 | @a20061028d1990 km y0chiy0120 ea | |
| 101 | 0 | @achi |
| 102 | @aCN@b510000 | |
| 200 | 1 | @a主题检索语言@Azhu ti jian suo yu yan@f邱明斤编著@Fqiu ming jin bian zhu |
| 210 | @a成都@c四川大学出版社@d1990.07 | |
| 215 | @a450页@d20cm | |
| 606 | 0 | @a图书馆学 |
| 606 | 0 | @a图书馆事业 |
| 690 | @aG254.2@v3 | |
| 701 | 0 | @a邱明斤@Aqiu ming jin@4编著 |
| 801 | 0 | @aCN@bPFT@c20061028 |
| 905 | @a10447@dG254.2@e50 | |
| 主题检索语言/邱明斤编著.-成都:四川大学出版社,1990.07 |
| 450页;20cm |
| ISBN 7-5614-0312-7:CNY2.52 |
| ● |
| 相关链接 |
|
|
|
|
正题名:主题检索语言
索取号:G254.2/50
 
预约/预借
| 序号 | 登录号 | 条形码 | 馆藏地/架位号 | 状态 | 备注 |
| 1 | 0256635 | 000503217 | 第一样本阅览室/ [索取号:G254.2/50] | 在馆 |